All Imagine Dragons Songs - Statistics

General Stats
  • This quiz has been taken 138 times
  • The average score is 38 of 95
Answer Stats
Album Song % Correct
Continued Silence EP Radioactive
91%
Evolve Thunder
85%
Evolve Believer
81%
Continued Silence EP Demons
80%
It's Time It's Time
78%
Evolve Whatever It Takes
67%
Origins Natural
63%
Origins Bad Liar
62%
Continued Silence EP On Top of the World
62%
Suicide Squad: The Album Sucker for Pain
62%
Smoke + Mirrors Smoke and Mirrors
54%
It's Time Amsterdam
51%
Origins Birds
51%
Smoke + Mirrors Gold
50%
Origins Zero
49%
Smoke + Mirrors Shots
48%
Smoke + Mirrors I Bet My Life
46%
Origins Machine
46%
Infinity Blade III Monster
46%
Evolve Roots
45%
Smoke + Mirrors Friction
44%
Night Visions Tiptoe
44%
The Divergent Series: Insurgent - Original Motion Picture Soundtrack Warriors
44%
Night Visions Bleeding Out
43%
Origins Boomerang
43%
Evolve Walking the Wire
43%
Evolve I Don't Know Why
42%
Smoke + Mirrors I'm So Sorry
42%
Origins Love
42%
Evolve Mouth of the River
41%
Evolve Next to Me
41%
Night Visions Nothing Left to Say / Rocks
41%
It's Time America
40%
Transformers: Age of Extinction (Soundtrack) Battle Cry
40%
Speak to Me (EP) Speak to Me
40%
Smoke + Mirrors The Fall
40%
Night Visions Working Man
40%
Night Visions Cha-Ching (Till We Grow Older)
39%
Evolve Dancing in the Dark
39%
Smoke + Mirrors Dream
39%
Evolve I'll Make It Up to You
39%
Smoke + Mirrors Summer
39%
Evolve Yesterday
39%
Origins Bullet in a Gun
38%
Smoke + Mirrors Hopeless Opus
38%
Smoke + Mirrors Polaroid
38%
Evolve Rise Up
38%
Hell and Silence Selene
38%
Night Visions Every Night
37%
Hell and Silence Hear Me
37%
Evolve Start Over
37%
Origins West Coast
37%
Origins Burn Out
36%
Origins Cool Out
36%
Imagine Dragons Cover Up
36%
Origins Digital
36%
Smoke + Mirrors Thief
36%
It's Time Tokyo
36%
Night Visions Underdog
36%
Smoke + Mirrors Who We Are
36%
Hell and Silence Emma
35%
Smoke + Mirrors It Comes Back to You
35%
Origins Only
35%
Iron Man 3 (Original Motion Picture Soundtrack) Ready Aim Fire
35%
It's Time The River
35%
Smoke + Mirrors The Unknown
35%
Origins Born to Be Yours
34%
Continued Silence EP Round and Round
34%
Smoke + Mirrors Trouble
34%
Continued Silence EP My Fault
33%
It's Time Look How Far We've Come
32%
Origins Real Life
32%
Origins Stuck
32%
Imagine Dragons Drive
31%
Hell and Silence I Don't Mind
31%
Smoke + Mirrors Second Chances
31%
Imagine Dragons Uptight
31%
Hell and Silence All Eyes
30%
Speak to Me (EP) Boots
30%
Imagine Dragons Curse
30%
It's Time Pantomime
30%
Smoke + Mirrors Release
30%
iTunes Session Destination
29%
Night Visions Fallen
29%
Imagine Dragons I Need a Minute
29%
Single I Was Me
29%
Evolve Levitate
29%
Speak to Me (EP) Pistol Whip
28%
iTunes Session 30 Lives
26%
It's Time Leave Me
26%
Speak to Me (EP) Living Musical
26%
Frankenweenie: The Original Motion Picture Soundtrack Lost Cause
26%
Speak to Me (EP) The Pit
26%
TIM Heart Upon My Sleeve
24%
Evolve Not Today
24%
No matching quizzes found
Score Distribution
Percent of People with Each Score
Percentile by Number Answered
Your Score History
You have not taken this quiz